| 000 | 01193cam a2200313 i 4500 | ||
|---|---|---|---|
| 001 | 17917068 | ||
| 003 | ARRUPE | ||
| 005 | 20160928084517.0 | ||
| 008 | 131024s2014 enka b 001 0 eng | ||
| 010 | _a 2013953524 | ||
| 020 | _a9780199687008 (pbk.) | ||
| 020 | _a0199687005 (pbk.) | ||
| 040 |
_aDLC _beng _cDLC _erda |
||
| 042 | _apcc | ||
| 050 | 0 | 0 |
_aK230.W29 _bA37 2014 |
| 100 | 1 |
_aWacks, Raymond, _eauthor. _926276 |
|
| 245 | 1 | 0 |
_aPhilosophy of law : _ba very short introduction / _cRaymond Wacks. |
| 250 | _aSecond edition. | ||
| 300 |
_axvi,150 pages : _billustrations ; _c18 cm. |
||
| 490 | 1 |
_aA very short introduction ; _v147 |
|
| 504 | _aIncludes bibliographical references (pages 131-134) and index. | ||
| 505 | 0 | _aNatural law -- Legal positivism -- Dworkin : the moral integrity of law -- Rights and justice -- Law and society -- Critical legal theory -- Understanding law : a very short epilogue. | |
| 650 | 0 |
_aLaw _xPhilosophy. _910576 |
|
| 830 | 0 |
_aVery short introductions. _926277 |
|
| 906 |
_a7 _bcbc _corigcop _d2 _eepcn _f20 _gy-gencatlg |
||
| 942 |
_2lcc _cMONOGRAPH |
||
| 999 |
_c125377 _d125377 |
||